| 000 | 01107nam a2200277 i 4500 | ||
|---|---|---|---|
| 003 | vecauma | ||
| 005 | 20260410150651.0 | ||
| 007 | ta | ||
| 008 | 260410s1974 ve |||||r|||| 00| 0 spa d | ||
| 040 |
_avecauma _bspa _cvecauma _dvecauma _erda |
||
| 041 | 0 | _aspa | |
| 099 | _fFOLLETO 0399 | ||
| 100 | 0 |
_aJosemaría Escrivá de Balaguer, _cSanto, _d1902-1975 _eautor _9146 |
|
| 245 | 1 | 3 |
_aEl fin sobrenatural de la Iglesia _c/ Josemaría Escrivá de Balaguer. |
| 264 | 1 |
_aCaracas, Venezuela : _bCentro de Información Profesional A.C., _c[1974]. |
|
| 300 | _a31 páginas. | ||
| 336 |
_atexto _btxt _2rdacontenido |
||
| 337 |
_ano mediado _bn _2rdamedio |
||
| 338 |
_avolumen _bnc _2rdasoporte |
||
| 490 | 0 |
_aCuadernos de orientación doctrinal _v28 |
|
| 505 | 0 | _aMomentos difíciles. -- Lo humano y lo divino en la Iglesia. -- El fin de la Iglesia. -- En la Iglesia está nuestra salvación. -- Tiempo de prueba. -- Amor filial a la Iglesia. -- El abismo de la sabiduría de Dios. | |
| 610 | 2 | 0 |
_9128 _aIglesia Católica |
| 650 | 1 | 0 |
_9143 _aVIDA CRISTIANA |
| 942 | 1 |
_2lcc _n0 _cFOL |
|
| 999 |
_c13341 _d13341 |
||